Matemáticas discretas

Bibliographic Details
Main Author: Johnsonbaugh, Richard
Format: Section = Libro
Language:Undetermined
Spanish
Published: México Iberoamérica 1988
Subjects:
LEADER 00454nam a2200181Ia 4500
008 240829s9999 xx 000 0 und d
020 |a 968-7270-46-2 
040 |a BIBLIOTECA-RUSB/ 511.8 J66 
041 |a spa 
082 |a 511.8 J66 
100 1 |a Johnsonbaugh, Richard 
245 1 0 |a Matemáticas discretas 
260 |a México  |b Iberoamérica  |c 1988 
300 |a 506 p. :il. 
650 7 |a MATEMATICA DISCRETA 
942 |c BK  |2 ddc 
991 |a TEXTO 
999 |c 1343